Online Catalogue and eLibrary

Punakary: (Record no. 4247)

MARC details
000 -LEADER
fixed length control field 00500nam a2200193Ia 4500
005 - DATE AND TIME OF LATEST TRANSACTION
control field 20250224035226.0
008 - FIXED-LENGTH DATA ELEMENTS--GENERAL INFORMATION
fixed length control field 240331s9999 xx 000 0 und d
020 ## - INTERNATIONAL STANDARD BOOK NUMBER
ISBN 9559194046
082 ## - DDC Classification
Item Number - Author Mark PUS
DDC Edition Number 3315
Class No. 954.93
100 ## - MAIN ENTRY--PERSONAL NAME
Personal name Pushparatnam, P
245 #0 - TITLE STATEMENT
Title Punakary:
Remainder of title An Archaeological Survey
260 ## - PUBLICATION, DISTRIBUTION, ETC.
Place of publication, distribution, etc. Thirunelvely
Name of publisher, distributor, etc. University of Jaffna Publications
Date of publication, distribution, etc. 1993
300 ## - PHYSICAL DESCRIPTION
Extent (e.g. Volumes, Pages etc.) 214 p.,
650 ## - SUBJECT ADDED ENTRY--TOPICAL TERM
Topical term or geographic name entry element Archaeology
650 ## - SUBJECT ADDED ENTRY--TOPICAL TERM
Topical term or geographic name entry element Occupation
650 ## - SUBJECT ADDED ENTRY--TOPICAL TERM
Topical term or geographic name entry element Anthropology
650 ## - SUBJECT ADDED ENTRY--TOPICAL TERM
Topical term or geographic name entry element History
942 ## - Koha item type (Biblio)
Koha item type Books in Stacks (Lending)
Holdings
Lost status Damaged status Collection code Home library Current library Shelving location Date acquired Full call number Accession Number Item type
    Lending WERC Library WERC Library Social Science Cupboard 03/31/2024 954.93 PUS 3315 Books in Stacks (Lending)

© WERC Library